Sports Quiz

Random Sports or MLB Quiz
Score 0/63 Timer 12:00
0 Plays Today
Year Winner % Correct
2019Zack Greinke
100%
1990Greg Maddux
97.9%
1991Greg Maddux
97.9%
1992Greg Maddux
97.9%
1993Greg Maddux
97.9%
1994Greg Maddux
97.9%
1995Greg Maddux
97.9%
1996Greg Maddux
97.9%
1997Greg Maddux
97.9%
1998Greg Maddux
97.9%
1999Greg Maddux
97.9%
2000Greg Maddux
97.9%
2001Greg Maddux
97.9%
2002Greg Maddux
97.9%
2004Greg Maddux
97.9%
2005Greg Maddux
97.9%
2006Greg Maddux
97.9%
2007Greg Maddux
97.9%
2008Greg Maddux
97.9%
1965Bob Gibson
91.7%
1966Bob Gibson
91.7%
1967Bob Gibson
91.7%
1968Bob Gibson
91.7%
1969Bob Gibson
91.7%
1970Bob Gibson
91.7%
1971Bob Gibson
91.7%
1972Bob Gibson
91.7%
1973Bob Gibson
91.7%
2018Zack Greinke
90.9%
2011Clayton Kershaw
89.6%
2014Zack Greinke
89.6%
2015Zack Greinke
89.6%
Year Winner % Correct
2016Zack Greinke
89.6%
2017Zack Greinke
89.6%
1981Steve Carlton
86.5%
2009Adam Wainwright
86.5%
2013Adam Wainwright
86.5%
1978Phil Niekro
80.2%
1979Phil Niekro
80.2%
1980Phil Niekro
79.2%
1982Phil Niekro
79.2%
1983Phil Niekro
79.2%
1988Orel Hershiser
70.8%
1986Fernando Valenzuela
67.7%
2010Bronson Arroyo
63.5%
1989Ron Darling
60.4%
1985Rick Reuschel
51%
1987Rick Reuschel
51%
1984Joaquín Andujar
43.8%
1974Andy Messersmith
41.7%
1975Andy Messersmith
41.7%
1976Jim Kaat
41.7%
1977Jim Kaat
41.7%
2003Mike Hampton
35.4%
2012Mark Buehrle
31.3%
1957Bobby Shantz
30.2%
1958Harvey Haddix
30.2%
1959Harvey Haddix
30.2%
1960Harvey Haddix
30.2%
1961Bobby Shantz
30.2%
1962Bobby Shantz
30.2%
1963Bobby Shantz
30.2%
1964Bobby Shantz
30.2%
Remove Ads.
Support Sporcle.
Get the best of Sporcle when you Go Orange. This ad-free experience offers more features, more stats, and more fun while also helping to support Sporcle. Thank you for becoming a member.

You're not logged in!

Compare scores with friends on all Sporcle quizzes.
OR
Log In

Sporcle TV

Today on Sporcle TV


Watch our educational content, quiz creation guides, and fun videos on Sporcle TV.

Show Comments

Extras

Created Nov 21, 2017ReportNominate
Tags:MLB Quiz, Glove, gold, League, national, team, Winner

Top Quizzes Today


Score Distribution

Paid Content

Your Account Isn't Verified!

In order to create a playlist on Sporcle, you need to verify the email address you used during registration. Go to your Sporcle Settings to finish the process.

Report this User

Report this user for behavior that violates our Community Guidelines.

Details: